Countries with one or two colors in their flag - Statistics

General Stats
  • This quiz has been taken 450 times
    252 since last reset
  • The average score is 25 of 38
Answer Stats
Answer % Correct
China
88%
Poland
88%
Japan
87%
Sweden
84%
Canada
82%
Finland
82%
Monaco
81%
Denmark
80%
Indonesia
79%
Ukraine
75%
Greece
74%
Turkey
74%
Austria
71%
Albania
68%
Vietnam
68%
Bangladesh
65%
Morocco
65%
Palau
65%
Switzerland
65%
Latvia
64%
Qatar
61%
Saudi Arabia
61%
Israel
59%
Peru
59%
Tunisia
59%
Kazakhstan
58%
Singapore
58%
Bahrain
57%
Pakistan
57%
Somalia
54%
Tonga
53%
Kyrgyzstan
52%
Afghanistan
49%
F.S.Micronesia
49%
Georgia
49%
Nigeria
48%
North Macedonia
47%
Honduras
44%
No matching quizzes found
Score Distribution
Percent of People with Each Score
Percentile by Number Answered
Your Score History
You have not taken this quiz since the last reset